| 000 | nam a22 a 4500 | ||
|---|---|---|---|
| 999 |
_c171505 _d171505 |
||
| 003 | BLK | ||
| 005 | 20221011174527.0 | ||
| 008 | 180411b bul|||||r ||||||| ||bul|| | ||
| 040 | _aBLK | ||
| 041 |
_aBUL _cBUL |
||
| 080 |
_aБългарска литература _b821.163.2 _x-32 _z821.163.2-32 |
||
| 080 |
_aАприлско въстание (1876). Четата на Хр. Ботев _b94(497.2)"1876" _x(0:82-32) _z94(497.2)"1876"(0:82-32) |
||
| 100 | 1 |
_aОсинин, Димитър _eпърви автор _gПопов, Димитър Николов _9104981 |
|
| 139 |
_aОсинин, Димитър _bО 80 |
||
| 245 | 1 | 0 |
_aТам буря кърши клонове _bПътят на Ботевата чета : Докум. повест _cДимитър Осинин; Димитър Николов Попов. |
| 250 | _a2. осн. прераб. изд. | ||
| 257 | _aBGR | ||
| 260 |
_aСофия _bПартиздат _c1976 |
||
| 300 |
_a207 с. _b4 л. : портр. _c22 см |
||
| 380 | _a82 | ||
| 500 | _aИстинското име на авт. е Димитър Николов Попов. - 1. изд. 1959 със загл. През тиха бяла Дунава. | ||
| 653 | _aБотева чета | ||
| 700 | 1 |
_aПопов, Димитър Николов _9379602 |
|
| 852 |
_aЦб 79496 _bЦб |
||
| 856 | 4 |
_qpdf _i0.00 _ldisable |
|
| 942 |
_cKNG _n0 _s1 |
||
| 944 |
_aCR _c13.08.2015 _kКети_Илиева |
||
| 944 |
_aED _c2022-10-11 _kСТ |
||
| 999 | _d171505 | ||